000
00323nam a2200133Ia 4500
005
20251222143157.0
008
251222s9999||||xx |||||||||||||| ||spa||
020
_a
84-7490-535-4
082
_a
264.36/S29
100
_a
Schönborn, Christoph
245
0
_a
Fundamentos de Nuestra Fe:
264
_b
Encuentro
942
_c
LIB
999
_c
12916
_d
12916